| 000 | 01086nam a2200241Ia 4500 | ||
|---|---|---|---|
| 003 | OSt | ||
| 005 | 20200824154146.0 | ||
| 008 | 191128s2008 ck ad gr 000 0 spa d | ||
| 020 | _a9789586882316 | ||
| 040 |
_aCO-JMCR _cCO-JMCR |
||
| 041 | 0 | _aspa | |
| 082 | 0 | 4 |
_a347.09 / _bC649c _223 |
| 110 | 2 |
_aCámara de Comercio de Bogotá. _bTribunal de Arbitramento _99128 |
|
| 245 | 1 | 3 |
_aLa conciliación en derecho : _breflexiones desde sus actores / _cCámara de Comercio de Bogotá |
| 250 | _aPrimera edición | ||
| 260 |
_aBogotá : _bCámara de Comercio de Bogotá, _c2008 |
||
| 300 |
_a178 páginas : _bgráficos a blanco y negro ; _c24 cm. |
||
| 505 | 0 | _aHacia la construcción de una ley única de conciliación -- Un juicio crítico a la ley de conciliación en Colombia -- Reflexiones entrono al conflicto en el ámbito de la conciliación -- Inteligencia emocional para el abogado conciliador | |
| 650 | 1 | 4 |
_aConciliación (Derecho civil) _zColombia _99129 |
| 650 | 1 | 4 |
_aConciliadores _zColombia _99130 |
| 650 | 1 | 4 |
_aContratos de arrendamiento _zColombia _99131 |
| 942 |
_2ddc _cBK |
||
| 999 |
_c3952 _d3952 |
||